Malí a střední nastupují Výrobní podnik v zahraničním obchodě
Zapájanie malých a stredných podnikov do zahraničného obchodu, hľadanie odbytísk v zahraničí, prechod na iné komodity. Rozhodovanie podnikov aký sortiment úspešne vyvážať. Funkcie poradcov v zahraničí pre malých a stredných podnikateľov. Proexportné správanie sa podnikateľov.
Salvato in:
| Autore principale: | |
|---|---|
| Natura: | Capitolo di libro |
| Lingua: | ceco |
| Soggetti: | |
| Tags: |
Nessun Tag, puoi essere il primo ad aggiungerne!!
|
MARC
| LEADER | 00000naa a2200000 4500 | ||
|---|---|---|---|
| 001 | r013891 | ||
| 005 | 20221213083246.8 | ||
| 041 | 0 | |a cze | |
| 044 | |a CZ | ||
| 245 | 1 | 0 | |a Malí a střední nastupují |b Výrobní podnik v zahraničním obchodě |c Alfons Kachlík |
| 520 | |a Zapájanie malých a stredných podnikov do zahraničného obchodu, hľadanie odbytísk v zahraničí, prechod na iné komodity. Rozhodovanie podnikov aký sortiment úspešne vyvážať. Funkcie poradcov v zahraničí pre malých a stredných podnikateľov. Proexportné správanie sa podnikateľov. | ||
| 610 | 2 | 0 | |a podnik výrobný |
| 610 | 2 | 0 | |a obchod zahraničný |
| 610 | 2 | 0 | |a vývoz |
| 610 | 2 | 0 | |a sortiment tovaru |
| 610 | 2 | 0 | |a podnik malý |
| 610 | 2 | 0 | |a podnik stredný |
| 100 | 1 | |a Kachlík, Alfons | |